Statistics for what countries are mid

Click here to take the quiz!

General Stats

  • This quiz has been taken 6 times
  • The average score is 3 of 15

Answer Stats

HintAnswer% Correct
i love ukrainerussia
100%
has a fat korean dudenorth korea
83%
is a placePalestine
50%
a nazi or somethinghitler
17%
is totally and should be a countrysealand
17%
is a placeafrica
0%
smallAndorra
0%
is a placeAzerbaijan
0%
is a placebuhtan
0%
is a placechad
0%
fatjohn goodman
0%
is a placeKentucky
0%
is a placeniger
0%
is a placest. vincent
0%
is a placetogo
0%

Score Distribution

Percentile by Number Answered

Percent of People with Each Score

Your Score History

You have not taken this quiz